超かぐや姫!の楽曲 - Statistics

General Stats
  • This quiz has been taken 20 times
    4 since last reset
  • The average score is 6 of 16
Answer Stats
Answer % Correct
ワールドイズマイン
100%
ray
100%
ハッピーシンセサイザ
75%
メルト
50%
Ex-Otogibanashi
50%
Remember
50%
Reply
50%
トリノコシティ
25%
星降る海
25%
瞬間、シンフォニー。
25%
Tell Your World
25%
ロンリーユニバース
0%
竹取オーバーナイトセンセーション
0%
夢をみる島
0%
私は、わたしの事が好き。
0%
OnyXXX
0%
No matching quizzes found
Score Distribution
Percent of People with Each Score
Percentile by Number Answered
Your Score History
You have not taken this quiz since the last reset